|
|
|
|
| LEADER |
00000nab a2200000 a 4500 |
| 001 |
vtls000347924 |
| 003 |
SK-MaSNL |
| 005 |
20260304175020.0 |
| 008 |
111201c1989 xo 0 cze |
| 015 |
|
|
|a SNBRB19rr/mm-uuuuu
|
| 035 |
|
|
|a CL0348046
|
| 040 |
|
|
|a SNKBUCL
|b slo
|c SNKBUCL
|e AACR2
|
| 041 |
0 |
|
|a cze
|
| 044 |
|
|
|a xo
|c SK
|
| 080 |
|
|
|a 362.7:061.3
|2 1981
|
| 080 |
|
|
|a 061.3
|2 1981
|
| 100 |
1 |
|
|a Molková, Dagmar
|4 aut
|9 932821
|
| 245 |
1 |
0 |
|a Problém mimořádné závažnosti
|c Dagmar Molková
|
| 650 |
0 |
7 |
|a sociálna starostlivosť
|2 snkbucl
|9 3737
|
| 650 |
0 |
7 |
|a deti ohrozené
|2 snkbucl
|9 848039
|
| 651 |
|
7 |
|a 3100
|2 snkbucl
|9 920766
|
| 655 |
|
7 |
|a články z novín a časopisov
|2 snkbucl
|9 267496
|
| 773 |
0 |
|
|t Sociálna politika
|g Roč. 15, č. 2 (1989), s. 8
|
| 850 |
|
|
|a Slovenská národná knižnica v Martine
|a MTA001
|
| 852 |
|
|
|a SNK
|b KIS3GCP
|
| 958 |
|
|
|a RK
|
| 992 |
|
|
|a RBX
|
| 999 |
|
|
|c 3011621
|d 3013551
|